Guidebook on spent fuel storage.

Bibliographic Details
Corporate Author: International Atomic Energy Agency
Format: Book
Language:English
Published: Vienna : [New York, N.Y.] : International Atomic Energy Agency ; [Exclusive sales agent in the United States of America, UNIPUB], 1984.
Series:Technical reports series (International Atomic Energy Agency) ; no. 240.
Subjects:

MARC

Tag First Indicator Second Indicator Subfields
LEADER 00000cam a2200000 a 4500
001 in00000577281
005 20151014060317.0
008 850328s1984 au a b 00000 eng d
020 |a 9201553846 
035 |a (OCoLC)11857561 
035 |9 ACM7228AM 
040 |a AZS  |c AZS  |d TXA  |d UtOrBLW 
049 |a TXAM  |c [A09168705] 
090 |a HD9698.A1  |b I6 no. 240 
245 0 0 |a Guidebook on spent fuel storage. 
264 1 |a Vienna :  |b International Atomic Energy Agency ;  |a [New York, N.Y.] :  |b [Exclusive sales agent in the United States of America, UNIPUB],  |c 1984. 
300 |a 171 pages :  |b illustrations ;  |c 24 cm. 
336 |a text  |b txt  |2 rdacontent 
337 |a unmediated  |b n  |2 rdamedia 
338 |a volume  |b nc  |2 rdacarrier 
490 1 |a Technical reports series / International Atomic Energy Agency ;  |v  no. 240 
500 |a "STI/DOC/10/240" 
504 |a Bibliography: pages 159-162. 
650 0 |a Spent reactor fuels  |x Storage. 
650 0 |a Radioactive waste disposal. 
710 2 |a International Atomic Energy Agency. 
830 0 |a Technical reports series (International Atomic Energy Agency) ;  |v no. 240. 
999 |a MARS 
999 f f |s 43a10cea-2904-387c-a2e0-d09b2e94d3d7  |i 5fdaa49d-63f5-3f1d-be77-86397848bbfc  |t 0 
952 f f |p ric  |a Texas A&M University  |b Rellis Campus  |c Joint Library Facility  |d Remote Storage  |t 0  |e HD9698.A1 I6 no. 240  |h Library of Congress classification  |i unmediated -- volume  |m A14809168705 
998 f f |a HD9698.A1 I6 no. 240  |t 0  |l Remote Storage